=LDR 00000nam 2200000 4500 =001 NUTBA000000000000382 =005 20141119095326.0 =006 =007 =008 =020 ##$$a 979-22-2030-5 =035 ##$$a 0010-031400000000381 =040 ##$$a Ind =082 ##$$a 813 =090 ##$$a 813$bFol m =100 ##$$a Follet, Ken. =245 ##$$a Malam di atas lautan$cKen Follet =260 ##$$a Jakarta$bGramedia$c2006. =300 ##$$a 563 Hlm$c23 cm. =850 ##$$a NBPNMAT =990 ##$$a 21112252 =990 ##$$a 91068/BPAP-NTB/2014